Vybrané teoretické aspekty transnacionálnych korporácií

Definícia transnacionálnych korporácií. Top 10 nefinančných nadnárodných korporácií podľa indexu transnacionálnosti (2008). Teórie transnacionálnych korporácií. Teória odvetvovej štruktúry. Teória internalizácie (teória transakčných nákladov). Evolučná teória multinárodného podnikania. Teória lokali...

ver descrição completa

Na minha lista:
Detalhes bibliográficos
Autor principal: Brinčíková, Zuzana, 1979-
Formato: Capítulo de Livro
Idioma:eslovaco
Assuntos:
Tags: Adicionar Tag
Sem tags, seja o primeiro a adicionar uma tag!

MARC

LEADER 00000nla$a2200000$$$4500
001 0146781
005 20240702112116.3
041 0 |a slo 
044 |a CZ 
245 1 0 |a Vybrané teoretické aspekty transnacionálnych korporácií  |c Zuzana Brinčíková 
520 |a Definícia transnacionálnych korporácií. Top 10 nefinančných nadnárodných korporácií podľa indexu transnacionálnosti (2008). Teórie transnacionálnych korporácií. Teória odvetvovej štruktúry. Teória internalizácie (teória transakčných nákladov). Evolučná teória multinárodného podnikania. Teória lokalizácie. Dopady TNK na domácu a hostiteľskú krajinu. 
610 2 0 |a korporácie transnacionálne 
610 2 0 |a internacionalizácia ekonomiky 
610 2 0 |a internacionalizácia výroby 
610 2 0 |a spolupráca medzinárodná 
610 2 0 |a konkurencia 
100 1 |a Brinčíková, Zuzana, 1979-